000 00711nam a2200289Ia 4500
005 20260324123050.0
008 008 260324s9999 xx 000 0 eng d
020 _a9780203816011
037 _aEBOOK
040 _aCRL
040 _beng
040 _cCRL
041 _2eng
041 _aeng
084 _qCRL
100 _aPeter Higgins; Simon Beames; Robbie Nicol
_91168890
245 0 _aLearning Outside the Classroom
245 0 _bTheory and Guidelines for Practice
260 _bTaylor and Francis
260 _c2012
365 _a
365 _b840
856 _uhttp://www.taylorfrancis.com/books/9780203816011
942 _cEBOOK
999 _c1762086
_d1762086